000 00545nam a2200181Ia 4500
001 13425
005 20260306164800.0
008 260306t2004||||xx |||||||||||||| ||spa||
041 _aESP
082 _a004.05
_bU61
100 _aUniversidad Nacional de San Agustín
_eAUT
245 0 _aMemorias. 7º Workshop Iberoamericano de ingeniería de requisitos y ambientes de software:
_bArequipa, Perú 3 a 7 de Mayo de 2004
260 _c2004
300 _a397 páginas :
_c21 cm.
650 _aGEN
654 _aCCC
942 _cLIB
_dJUS
_fJUS
_2ddc
_n
999 _c13425
_d13425